El léxico en el ambiente civil electoral costarricense

Na minha lista:
Detalhes bibliográficos
Autor principal: López Jiménez, Olivier
Formato: Livro
Idioma:Undetermined
Publicado em: San José, Costa Rica Escuela de Filología, Lingüística y Literatura 1996
Assuntos:
Tags: Adicionar Tag
Sem tags, seja o primeiro a adicionar uma tag!

MARC

LEADER 00000nam a2200000Ia 4500
008 170316s9999 xx 000 0 und d
040 |a cru BVZT 
090 |a Tesis 564 
100 |a López Jiménez, Olivier 
245 |a El léxico en el ambiente civil electoral costarricense 
260 |a San José, Costa Rica 
260 |b Escuela de Filología, Lingüística y Literatura 
260 |c 1996 
300 |a 111 páginas 
650 |a LICENCIATURA EN FILOLOGÍA ESPAÑOLA 
650 |a TRABAJO FINAL DE GRADUACIÓN 
999 |c 14218  |d 14218 
942 |c TFG  |h Tesis 564  |2 z